International financial reporting and analysis : (Record no. 4126)
[ view plain ]
| 000 -LEADER | |
|---|---|
| fixed length control field | 01032cam a22002774a 4500 |
| 001 - CONTROL NUMBER | |
| control field | 2631354 |
| 005 - DATE AND TIME OF LATEST TRANSACTION | |
| control field | 20250222120024.0 |
| 008 - FIXED-LENGTH DATA ELEMENTS--GENERAL INFORMATION | |
| fixed length control field | 990525s2000 maua b 001 0 eng |
| 020 ## - INTERNATIONAL STANDARD BOOK NUMBER | |
| International Standard Book Number | 0072287624 |
| 050 00 - LIBRARY OF CONGRESS CALL NUMBER | |
| Classification number | HF5635 |
| Item number | .H35 2000 |
| 082 00 - DEWEY DECIMAL CLASSIFICATION NUMBER | |
| Classification number | 657 |
| Edition information | 21 |
| 100 1# - MAIN ENTRY--PERSONAL NAME | |
| Personal name | Haskins, Mark E. |
| 245 10 - TITLE STATEMENT | |
| Title | International financial reporting and analysis : |
| Remainder of title | a contextual emphasis / |
| Statement of responsibility, etc. | Mark E. Haskins, Kenneth R. Ferris, Thomas I. Selling. |
| 250 ## - EDITION STATEMENT | |
| Edition statement | 2nd ed. |
| 260 ## - PUBLICATION, DISTRIBUTION, ETC. | |
| Place of publication, distribution, etc. | Boston : |
| Name of publisher, distributor, etc. | Irwin/McGraw-Hill, |
| Date of publication, distribution, etc. | c2000. |
| 300 ## - PHYSICAL DESCRIPTION | |
| Extent | xii, 557 p. : |
| Other physical details | ill. ; |
| Dimensions | 27 cm. |
| 650 #0 - SUBJECT ADDED ENTRY--TOPICAL TERM | |
| Topical term or geographic name entry element | Accounting. |
| 650 #0 - SUBJECT ADDED ENTRY--TOPICAL TERM | |
| Topical term or geographic name entry element | Financial statements. |
| 650 #0 - SUBJECT ADDED ENTRY--TOPICAL TERM | |
| Topical term or geographic name entry element | Comparative accounting. |
| 700 1# - ADDED ENTRY--PERSONAL NAME | |
| Personal name | Ferris, Kenneth R. |
| 700 1# - ADDED ENTRY--PERSONAL NAME | |
| Personal name | Selling, Thomas I. |
| 856 42 - ELECTRONIC LOCATION AND ACCESS | |
| Materials specified | Contributor biographical information |
| Uniform Resource Identifier | <a href="http://www.loc.gov/catdir/bios/mh042/99034881.html">http://www.loc.gov/catdir/bios/mh042/99034881.html</a> |
| 856 42 - ELECTRONIC LOCATION AND ACCESS | |
| Materials specified | Publisher description |
| Uniform Resource Identifier | <a href="http://www.loc.gov/catdir/description/mh023/99034881.html">http://www.loc.gov/catdir/description/mh023/99034881.html</a> |
| 856 41 - ELECTRONIC LOCATION AND ACCESS | |
| Materials specified | Table of contents |
| Uniform Resource Identifier | <a href="http://www.loc.gov/catdir/toc/mh023/99034881.html">http://www.loc.gov/catdir/toc/mh023/99034881.html</a> |
| 942 ## - ADDED ENTRY ELEMENTS (KOHA) | |
| Source of classification or shelving scheme | Library of Congress Classification |
| Koha item type | Books |
| Suppress in OPAC | No |
| 999 ## - | |
| -- | 4126 |
| -- | 4126 |
| Withdrawn status | Lost status | Source of classification or shelving scheme | Damaged status | Not for loan | Collection | Home library | Current library | Shelving location | Date acquired | Total checkouts | Full call number | Barcode | Date last seen | Copy number | Price effective from | Koha item type |
|---|---|---|---|---|---|---|---|---|---|---|---|---|---|---|---|---|
| Dewey Decimal Classification | Non-fiction | Undergraduate Library (Christ Temple) | Undergraduate Library (Christ Temple) | General stacks | 02/22/2025 | HF5635 HAS | ulct00001351 | 02/22/2025 | 1 | 02/22/2025 | Books |